Mosaic 1 : Listening/Speaking CD

Sparad:
Bibliografiska uppgifter
Huvudupphovsman: Hanreddy, Jami
Materialtyp: Bok
Språk:Undetermined
Publicerad: New York McGraw Hill 2007
Ämnen:
Taggar: Lägg till en tagg
Inga taggar, Lägg till första taggen!
Thư viện lưu trữ: Trung tâm Học liệu Trường Đại học Cần Thơ
LEADER 00666nam a2200217Ia 4500
001 CTU_196176
008 210402s9999 xx 000 0 und d
020 |c 244600 
082 |a 428.0071 
082 |b H248 
100 |a Hanreddy, Jami 
245 0 |a Mosaic 1 : 
245 0 |b Listening/Speaking CD 
245 0 |c Jami Hanreddy, Elizabeth Whalley 
260 |a New York 
260 |b McGraw Hill 
260 |c 2007 
650 |a English language,Listening,Speaking 
904 |i Giang 
910 |i H.Mai chuyển số PL về 428.0071 dùng cho cả bộ, mã hóa cutter theo tên sách 
980 |a Trung tâm Học liệu Trường Đại học Cần Thơ